[Event "7th UTD GM"]
[Site "Richardson USA"]
[Date "2010.12.21"]
[Round "9"]
[White "Dreev,A"]
[Black "Bercys,S"]
[Result "1/2-1/2"]
[WhiteElo "2674"]
[BlackElo "2447"]

1.d4 Nf6 2.Nf3 g6 3.Bg5 Bg7 4.Nbd2 O-O 5.e4 d5 6.exd5 Nxd5 7.Nb3 a5 8.a4 h6
9.Bd2 b6 10.c3 Qd6 11.Bb5 c6 12.Bc4 Nd7 13.O-O Bb7 14.Qc2 Rfe8 15.Rad1 Rad8
16.Rfe1 Qc7 17.h3 e6 18.Bc1 Kh7 19.Nbd2 c5 20.dxc5 Nxc5 21.Bb5 Bc6 22.Nd4 Bxd4
23.cxd4 Bxb5 24.axb5 Nb7 25.Qd3 Rc8 26.Nf3 Qc2 27.Qa3 f6 28.Nh2 Kg7 29.Ng4 h5
30.Ne3 Qc7 31.Bd2 Qd7 32.Nxd5 Qxd5 33.Qe3 Kf7 34.Rc1 Nd6 35.Rxc8 Rxc8 36.Qh6 Rg8
37.Qh7+ Rg7 38.Qh8 Rg8 39.Qh7+ Rg7 40.Qh8  1/2-1/2

[Event "1st Open"]
[Site "Cento ITA"]
[Date "2011.02.05"]
[Round "1"]
[White "Casadei,Mau"]
[Black "Dreev,A"]
[Result "0-1"]
[WhiteElo "2166"]
[BlackElo "2694"]

1.c4 e6 2.g3 d5 3.Bg2 c6 4.Qc2 c5 5.Nf3 Nc6 6.O-O Nf6 7.b3 d4 8.a3 e5 9.d3 Be7
10.e3 a5 11.exd4 cxd4 12.Bg5 O-O 13.Re1 Qc7 14.Nbd2 Bf5 15.c5 h6 16.Bxf6 Bxf6
17.Nc4 e4 18.dxe4 d3 19.Qxd3 Bxa1 20.Rxa1 Be6 21.Nb6 Rad8 22.Qc3 f5 23.e5 Qf7
24.b4 f4 25.Rf1 fxg3 26.fxg3 axb4 27.axb4 Qg6 28.b5 Rd3 29.Qa1 Ne7 30.Nd4 Rd8
31.Nxe6 Qxe6 32.Bxb7 Rd2 33.Bf3 Qh3 34.Bg2 Qe6 35.Bb7 Qb3 36.Qc3 Qe6 37.Qa1 R2d3
38.Qa4  0-1

[Event "1st Open"]
[Site "Cento ITA"]
[Date "2011.02.06"]
[Round "2"]
[White "Dreev,A"]
[Black "Damia,A"]
[Result "1-0"]
[WhiteElo "2694"]
[BlackElo "2360"]

1.d4 Nf6 2.c4 e6 3.Nc3 c5 4.d5 exd5 5.cxd5 d6 6.e4 g6 7.Nf3 Bg7 8.h3 O-O
9.Bd3 b5 10.Nxb5 Re8 11.O-O Nxe4 12.Re1 a6 13.Nc3 Nf6 14.Rxe8+ Nxe8 15.Bg5 Bf6
16.Qd2 Nd7 17.Re1 Bb7 18.Qf4 Bxg5 19.Nxg5 Qf6 20.Qh4 h5 21.Qg3 Nc7 22.Nce4 Qe5
23.f4 Qd4+ 24.Kh2 Bxd5 25.Nxd6 Qf6 26.Ndxf7 Bxf7 27.Nxf7 Kxf7 28.f5 Re8 29.fxg6+ Kg7
30.Rf1 Qe5 31.Rf7+  1-0

[Event "1st Open"]
[Site "Cento ITA"]
[Date "2011.02.07"]
[Round "3"]
[White "Collutiis,D"]
[Black "Dreev,A"]
[Result "0-1"]
[WhiteElo "2463"]
[BlackElo "2694"]

1.e4 c6 2.d4 d5 3.Nc3 dxe4 4.Nxe4 Bf5 5.Ng3 Bg6 6.N1e2 e6 7.Nf4 Bd6 8.Nxg6 hxg6
9.Ne4 Be7 10.c3 Nf6 11.Ng5 Nbd7 12.g3 e5 13.Nf3 exd4 14.Nxd4 Ne5 15.Bf4 Qd5
16.f3 c5 17.Bb5+ Kf8 18.Qe2 Rh5 19.g4 cxd4 20.O-O-O Nexg4 21.c4 Qf5 22.Rxd4 Ne5
23.Re1 Bc5 24.Bxe5 Qxe5  0-1

[Event "1st Open"]
[Site "Cento ITA"]
[Date "2011.02.08"]
[Round "4"]
[White "Dreev,A"]
[Black "Romanishin,O"]
[Result "1-0"]
[WhiteElo "2694"]
[BlackElo "2534"]

1.d4 Nf6 2.c4 e6 3.Nc3 Bb4 4.Qc2 c5 5.dxc5 Bxc5 6.Nf3 Nc6 7.Bg5 Qa5 8.a3 Ng4
9.e3 Nge5 10.Nxe5 Nxe5 11.Bf4 Ng6 12.Bg3 Bb4 13.Rc1 Bxc3+ 14.Qxc3 Qxc3+ 15.Rxc3 b6
16.c5 bxc5 17.Rxc5 Bb7 18.f3 Ke7 19.Ra5 Rhc8 20.Kd2 d6 21.Bd3 f6 22.h4 Ne5
23.Bxe5 dxe5 24.h5 Rc7 25.Rh4 Rd7 26.Rb4 Bc6 27.e4 Rad8 28.Rb3 f5 29.Ke2 Kf6
30.Rc3 f4 31.Rac5 Bb7 32.b4 g5 33.hxg6 hxg6 34.b5 a6 35.Rc7 axb5 36.Rxd7 Rxd7
37.Bxb5 Rd6 38.a4 g5 39.a5 g4 40.Rd3 Ke7 41.Kd2 g3 42.Kc3 Rxd3+ 43.Bxd3 Kd6
44.Kb4 Kc6 45.Bb5+ Kd6 46.a6 Ba8 47.Kc4  1-0

[Event "1st Open"]
[Site "Cento ITA"]
[Date "2011.02.09"]
[Round "5"]
[White "Danielian,E"]
[Black "Dreev,A"]
[Result "1/2-1/2"]
[WhiteElo "2454"]
[BlackElo "2694"]

1.d4 d5 2.c4 c6 3.Nc3 Nf6 4.e3 e6 5.Nf3 Nbd7 6.Qc2 Bd6 7.Bd3 O-O 8.O-O dxc4
9.Bxc4 b5 10.Bd3 Bb7 11.a3 a5 12.Rd1 Qb8 13.h3 Rc8 14.e4 b4 15.Na4 c5 16.dxc5 Bxc5
17.Qe2 Bc6 18.Nxc5 Nxc5 19.e5 Bxf3 20.Qxf3 Nd5 21.Bc4 bxa3 22.Rxa3 Ne7 23.Be3 Ng6
24.Bf1 Nxe5 25.Qe2 Ng6 26.Rc1 Nb7 27.Rca1 Nf4 28.Qb5 Nd5 29.Bd4 Qc7 30.b4 Nd6
31.Qe2 Nxb4 32.Rc3 Qd8 33.Rxc8 Rxc8 34.Bb2 Nc4 35.Bxg7 Kxg7 36.Qg4+ Kf8 37.Bxc4 Rc5
38.Qf4 Qg5 39.Qd6+ Kg7 40.f4 Qf6 41.Ra3 Rc8 42.Rxa5 h6 43.Ra3 Nc2 44.Rd3 h5
45.Bb3 h4 46.Bxc2 Rxc2 47.Qd4 Re2 48.f5 Re1+ 49.Kh2 exf5 50.Qxf6+ Kxf6 51.Rd6+ Kg5
52.Rd7 Kg6 53.Rd6+ f6 54.Rd8 f4 55.Rg8+ Kf5 56.Rh8 f3 57.gxf3 Kf4 58.Rxh4+ Kxf3
59.Rh5 Re2+ 60.Kg1 Kg3 61.Kf1 Rf2+ 62.Kg1 Ra2 63.Kf1 Kf4 64.Rb5 Ra4 65.h4 f5
66.h5 Ra6 67.Kf2 Kg4 68.Kg2 Ra2+ 69.Kf1 Rh2 70.Rb4+ Kxh5 71.Ra4 Kg5 72.Rb4 Ra2
73.Rc4 f4 74.Rc3 Kg4 75.Rb3 Rc2 76.Ra3 f3 77.Ra8  1/2-1/2

[Event "1st Open"]
[Site "Cento ITA"]
[Date "2011.02.10"]
[Round "6"]
[White "David,Alb"]
[Black "Dreev,A"]
[Result "1/2-1/2"]
[WhiteElo "2580"]
[BlackElo "2694"]

1.e4 c6 2.d4 d5 3.e5 Bf5 4.Nf3 e6 5.Be2 Nd7 6.O-O Bg6 7.c3 Be7 8.a4 h5 9.Ne1 h4
10.Nd3 Nh6 11.Nf4 Bh7 12.Nh5 Nf5 13.Bd3 g5 14.g4 hxg3 15.fxg3 Bg6 16.Bxf5 Bxh5
17.Bg4 Bxg4 18.Qxg4 Qb6 19.a5 Qa6  1/2-1/2

[Event "1st Open"]
[Site "Cento ITA"]
[Date "2011.02.11"]
[Round "7"]
[White "Dreev,A"]
[Black "Delchev,A"]
[Result "1/2-1/2"]
[WhiteElo "2694"]
[BlackElo "2629"]

1.d4 Nf6 2.c4 g6 3.Nc3 d5 4.Bf4 Bg7 5.e3 c5 6.dxc5 Qa5 7.Rc1 dxc4 8.Bxc4 O-O
9.Nf3 Qxc5 10.Bb3 Nc6 11.O-O Qa5 12.h3 Bf5 13.Qe2 Ne4 14.g4 Nxc3 15.bxc3 Bd7
16.Rfd1 Rad8 17.Rd5 Qa3 18.Rcd1 Be6 19.Rxd8 Nxd8 20.Qb5 Bxb3 21.axb3 a6 22.Qb6 Ne6
23.Be5 Qc5 24.Qxc5 Nxc5 25.Bxg7 Kxg7 26.b4 Ne4 27.Rd7 Rb8 28.Rxe7 Nxc3 29.Rd7 Kf6
30.Nd4 b6 31.Nc6 Rf8 32.Rb7 Na4 33.Nb8 Rd8 34.Nxa6 Ke6 35.Kg2 Rd7 36.Rb8 Ra7
37.b5 Kd5 38.Rc8 Nc5 39.Nb4+ Kc4 40.Nc6 Rb7 41.Nd4 Kb4 42.Kf3 Ne6 43.Nxe6 fxe6
44.Ke4 Kxb5 45.Ke5 Ka4 46.Kxe6 b5 47.Ra8+ Kb3 48.f4 b4 49.f5 gxf5 50.gxf5 Rb6+
51.Ke5 Rb5+ 52.Ke6 Rb6+ 53.Ke7 Rb7+ 54.Ke8 Rb6 55.Ke7 Kc3 56.Rc8+ Kb2 57.Ra8 Rb7+
58.Kf8 b3 59.Rc8 Ka3 60.Ra8+ Kb4 61.Ra1 b2 62.Rb1 Kc5 63.f6 Kd6 64.f7 Ke6
65.Kg8 Rxf7 66.Rxb2 Rf3 67.h4 Rxe3 68.Kxh7 Rh3 69.Rb4 Kf6 70.Kh6 Rf3 71.Rb7 Rf4
72.h5 Rf5 73.Ra7 Rb5  1/2-1/2

[Event "1st Open"]
[Site "Cento ITA"]
[Date "2011.02.12"]
[Round "8"]
[White "Dreev,A"]
[Black "Naumkin,I"]
[Result "1-0"]
[WhiteElo "2694"]
[BlackElo "2499"]

1.d4 e6 2.c4 f5 3.Nc3 Bb4 4.Qb3 Qe7 5.e3 Nf6 6.Ne2 O-O 7.g3 Bxc3+ 8.Nxc3 d6
9.Bg2 Nc6 10.O-O Kh8 11.Bd2 e5 12.Nd5 Qf7 13.Nxf6 Qxf6 14.dxe5 dxe5 15.Bc3 Rb8
16.Qa3 Bd7 17.b4 a6 18.b5 axb5 19.cxb5 Ne7 20.Qc5 Ng6 21.a4 Rfc8 22.f4 b6
23.fxe5 Qg5 24.Qd4 Be6 25.Rae1 Re8 26.Qb4 Rbd8 27.Bd4 Bg8 28.Rc1 Re7 29.a5 bxa5
30.Qxa5 Rdd7 31.Qa8 Nxe5 32.b6  1-0

[Event "TCh-RUS Premier"]
[Site "Olginka RUS"]
[Date "2011.04.13"]
[Round "2"]
[White "Inarkiev,E"]
[Black "Dreev,A"]
[Result "1/2-1/2"]
[WhiteElo "2674"]
[BlackElo "2697"]

1.e4 c6 2.d4 d5 3.e5 Bf5 4.Nf3 e6 5.Be2 c5 6.Be3 Qb6 7.Nc3 Nc6 8.Na4 Qa5+
9.c3 c4 10.O-O b5 11.Nc5 Bxc5 12.dxc5 Nge7 13.b4 Qd8 14.a4 a6 15.Nd4 Nxd4
16.Bxd4 Nc6 17.Qd2 O-O 18.Ra2 Qc7 19.Rfa1 Rad8 20.Qe3 f6 21.f4 g5 22.axb5 axb5  1/2-1/2

[Event "TCh-RUS Premier"]
[Site "Olginka RUS"]
[Date "2011.04.15"]
[Round "4"]
[White "Airapetian,G"]
[Black "Dreev,A"]
[Result "0-1"]
[WhiteElo "2460"]
[BlackElo "2697"]

1.d4 d5 2.c4 c6 3.Nf3 Nf6 4.Nc3 e6 5.e3 Nbd7 6.Qc2 b6 7.Bd3 Bb7 8.O-O Be7
9.b3 O-O 10.Bb2 h6 11.Rad1 Qc7 12.h3 Rad8 13.Ne5 dxc4 14.bxc4 Nxe5 15.dxe5 Nd7
16.f4 Nc5 17.Be2 a6 18.Bf3 b5 19.Ba1 Rxd1 20.Rxd1 Rd8 21.Rxd8+ Qxd8 22.Ne2 Nd3
23.Qc3 bxc4 24.Qxc4 Ne1 25.Qb3 Nxf3+ 26.gxf3 Qd2 27.Kf1 Bh4 28.Bc3 Qxe3 29.Be1 Qxb3
30.axb3 Bxe1 31.Kxe1 c5 32.Nc3 Bxf3 33.Na4 Bd5 34.Nxc5 a5 35.Kf2 Kh7 36.Kg3 Kg6
37.Kg4 h5+ 38.Kg3 Kf5 39.h4 g6  0-1

[Event "TCh-RUS Premier"]
[Site "Olginka RUS"]
[Date "2011.04.19"]
[Round "7"]
[White "Dreev,A"]
[Black "Riazantsev,A"]
[Result "1/2-1/2"]
[WhiteElo "2697"]
[BlackElo "2679"]

1.d4 Nf6 2.c4 e6 3.Nc3 Bb4 4.Qc2 d5 5.cxd5 exd5 6.Bg5 c5 7.Nf3 h6 8.Bxf6 Qxf6
9.a3 Bf5 10.Qa4+ Bd7 11.Qb3 Bxc3+ 12.Qxc3 O-O 13.e3 Rc8 14.Be2 Bg4 15.h3 Bh5
16.O-O Nd7 17.Qb3 Qd6 18.dxc5 Nxc5 19.Qa2 Ne4 20.Rad1 Rc2 21.Rxd5 Qf6 22.Qb1 Rxe2
23.Qxe4 Bxf3 24.Qxf3 Qxf3 25.gxf3 Rxb2 26.Rc1 Rb3 27.Rc7 Rxa3 28.Rdd7 Rf8
29.Rxb7 g5 30.Kg2 Kg7 31.Kg3 Ra4 32.Rxa7 Rxa7 33.Rxa7 Rb8 34.f4 Rb4 35.fxg5 hxg5
36.Rd7 Kg6 37.Rd6+ f6 38.f3 Ra4 39.e4 Ra5 40.f4 gxf4+ 41.Kxf4 Rh5 42.Kg3 Rg5+
43.Kf2 Re5 44.Kf3 Rh5  1/2-1/2

[Event "TCh-RUS Premier"]
[Site "Olginka RUS"]
[Date "2011.04.20"]
[Round "8"]
[White "Andreikin,D"]
[Black "Dreev,A"]
[Result "1/2-1/2"]
[WhiteElo "2686"]
[BlackElo "2697"]

1.e4 c6 2.Nf3 d5 3.Nc3 Bg4 4.Be2 e6 5.d4 Nd7 6.O-O dxe4 7.Nxe4 Ngf6 8.Nxf6+ Nxf6
9.h3 Bh5 10.c4 Be7 11.Bf4 O-O 12.a3 h6 13.Re1 Qb6 14.Qd2 a5 15.g4 Bg6 16.Ne5  1/2-1/2

[Event "TCh-SUI 2011"]
[Site "Switzerland SUI"]
[Date "2011.08.27"]
[Round "6.2"]
[White "Dreev,A"]
[Black "Prusikin,M"]
[Result "1-0"]
[WhiteElo "2694"]
[BlackElo "2530"]

1.d4 d5 2.c4 e6 3.Nc3 Be7 4.cxd5 exd5 5.Bf4 Nf6 6.e3 Bf5 7.Qb3 Nc6 8.Nf3 O-O
9.a3 Na5 10.Qa2 c5 11.dxc5 Bxc5 12.b4 Bb6 13.Rd1 Rc8 14.Qb2 Re8 15.Bb5 Nc4
16.Bxc4 Rxc4 17.O-O d4 18.Nb5 dxe3 19.Bxe3 Bd3 20.Ne5 Bxf1 21.Rxd8 Rxd8 22.Kxf1 Re4
23.Nf3 Bxe3 24.fxe3 Ng4 25.Nbd4 Nxe3+ 26.Kg1 h6 27.h3 a6 28.Qc3 b5 29.Qc5 Rd5
30.Qa7 Kh7 31.Kf2 Nc4 32.Ne2 Rd6 33.Qxf7 Rf6 34.Qd5 Re3 35.a4 Rb3 36.axb5 axb5
37.Qxb5 Nd2 38.Nd4 Nxf3 39.gxf3 Rb2+ 40.Ke3 Rh2 41.Qd7  1-0

[Event "22nd St Petersburg-Moscow Match"]
[Site "St Petersburg RUS"]
[Date "2011.09.17"]
[Round "1"]
[White "Khairullin,I"]
[Black "Dreev,A"]
[Result "1/2-1/2"]
[WhiteElo "2642"]
[BlackElo "2711"]

1.e4 c6 2.d4 d5 3.Nc3 dxe4 4.Nxe4 Bf5 5.Nc5 e5 6.Nxb7 Qb6 7.Nc5 exd4 8.Nb3 Bb4+
9.Bd2 Nf6 10.Bxb4 Qxb4+ 11.Qd2 Qe7+ 12.Qe2 Bxc2 13.Qxe7+ Kxe7 14.Nxd4 Be4
15.f3 Rd8 16.O-O-O Bg6 17.Nge2 Nd5 18.Nc3 Nxc3 19.bxc3 c5 20.Nb3 Rxd1+ 21.Kxd1 Nd7
22.Bb5 Nb6 23.Re1+ Kf6 24.Re8 Rxe8 25.Bxe8 Ke7 26.Bb5 Kd6 27.Na5 Kc7 28.Nb3 Kd6
29.Na5 Kc7 30.Nb3 Kd6  1/2-1/2

[Event "22nd St Petersburg-Moscow Match"]
[Site "St Petersburg RUS"]
[Date "2011.09.18"]
[Round "2"]
[White "Dreev,A"]
[Black "Khairullin,I"]
[Result "1/2-1/2"]
[WhiteElo "2711"]
[BlackElo "2642"]

1.d4 d6 2.e4 Nf6 3.f3 c5 4.d5 g6 5.c4 Bg7 6.Nc3 O-O 7.Bg5 e6 8.Qd2 exd5 9.cxd5 Re8
10.Nge2 Nbd7 11.Ng3 a6 12.Be2 b5 13.O-O Qc7 14.Rac1 b4 15.Nd1 a5 16.Bh6 Bh8
17.Ne3 Nb6 18.Kh1 Ba6 19.Bxa6 Rxa6 20.f4 Raa8 21.e5 dxe5 22.fxe5 Qxe5 23.Rxc5 Nfd7
24.Rc2 Rac8 25.Rxc8 Rxc8 26.d6 Qe6 27.b3 Be5 28.Bf4 Bxf4 29.Rxf4 f5 30.Rf1 Re8
31.Nexf5 gxf5 32.Nxf5 Kh8 33.Ne7 Ne5 34.h3 Nbd7 35.Qd4 Kg7 36.Nf5+ Kg8 37.Ne7+ Kg7
38.Nf5+ Kg8 39.Ne7+  1/2-1/2

[Event "Indonesia Open"]
[Site "Jakarta INA"]
[Date "2011.10.13"]
[Round "1.2"]
[White "Dreev,A"]
[Black "Laksana,Agusta"]
[Result "1-0"]
[WhiteElo "2711"]
[BlackElo "2316"]

1.d4 Nf6 2.c4 g6 3.Nc3 Bg7 4.e4 d6 5.f3 O-O 6.Nge2 c5 7.Be3 Qa5 8.Nc1 cxd4
9.Nb3 Qd8 10.Nxd4 Nc6 11.Be2 Nxd4 12.Bxd4 Be6 13.O-O Qd7 14.Qd2 Rfc8 15.b3 Qd8
16.f4 Bd7 17.e5 Ne8 18.Rad1 Bc6 19.Bg4 e6 20.Qe3 dxe5 21.fxe5 Qa5 22.Rxf7 Kxf7
23.Qh3 Rd8 24.b4 Qxb4 25.Bxe6+ Ke7 26.Nd5+ Bxd5 27.cxd5 Nc7 28.a3 Qxd4+ 29.Rxd4 Bxe5
30.Qxh7+ Kd6 31.Rd1  1-0

[Event "Indonesia Open"]
[Site "Jakarta INA"]
[Date "2011.10.14"]
[Round "2.2"]
[White "Dao Thien Hai"]
[Black "Dreev,A"]
[Result "1/2-1/2"]
[WhiteElo "2493"]
[BlackElo "2711"]

1.d4 d5 2.c4 c6 3.cxd5 cxd5 4.Nc3 Nf6 5.Nf3 Nc6 6.Bf4 e6 7.e3 Bd6 8.Bxd6 Qxd6
9.Bd3 O-O 10.O-O Bd7 11.Rc1 Rac8 12.Bb1 Rfd8 13.h3 Be8 14.Qd2 Na5 15.b3 Nc6
16.Rfd1 Ne7 17.Ne5 Rc7 18.Ne2 Rdc8 19.Rxc7 Rxc7 20.Rc1 Nc8 21.Rxc7 Qxc7 22.Qc3 Qxc3
23.Nxc3 Nd6 24.f3 Kf8 25.Kf2 h6 26.Bd3 Ng8 27.Be2 Ne7 28.g4 f6 29.Nd3 Nc6
30.Ke1 Ke7 31.Kd2 g5 32.Ne1 Bf7 33.Bd3 e5 34.Nc2 Be6 35.Ke1 a6 36.Kf2 Ne8
37.Kg3 Ng7 38.h4 Kd6 39.hxg5 hxg5 40.Kf2 Ne8 41.Bg6 Nc7 42.Bd3 Bd7 43.Ne2 e4
44.fxe4 dxe4 45.Bxe4 Bxg4 46.Bf3 Bxf3 47.Kxf3 f5 48.Ng3 Ke6 49.e4 Ne7 50.exf5+ Nxf5
51.Ne4 Nb5 52.Nxg5+ Kd5 53.Ne3+ Nxe3 54.Kxe3 Nxd4 55.Kd3 Nc6 56.Kc3 Nd4 57.Kd3 Nc6
58.Kc3 Nd4  1/2-1/2

[Event "Indonesia Open"]
[Site "Jakarta INA"]
[Date "2011.10.14"]
[Round "3.7"]
[White "Dreev,A"]
[Black "Nguyen Van Huy"]
[Result "1/2-1/2"]
[WhiteElo "2711"]
[BlackElo "2449"]

1.d4 Nf6 2.c4 e6 3.Nc3 Bb4 4.Qc2 c5 5.dxc5 O-O 6.a3 Bxc5 7.Nf3 b6 8.Bf4 Bb7
9.Rd1 Nc6 10.e3 Nh5 11.Bg3 Be7 12.Be2 Nxg3 13.hxg3 h6 14.Nb5 Rc8 15.Qd3 a6
16.Nd6 Bxd6 17.Qxd6 Na5 18.Rh4 Bc6 19.b4 Nb7 20.Qd4 d6 21.Qb2 Qe7 22.Rhd4 Ba4
23.Rc1 b5 24.e4 e5 25.Rd2 Rc7 26.cxb5 axb5 27.Rd3 Rfc8 28.Rdc3 Nd8 29.Rxc7 Rxc7
30.Rc3 Ne6 31.Qc1 Rxc3 32.Qxc3 Qb7 33.Bd3 Kf8 34.Bb1 Ke7 35.Nd2 Qc7 36.Qxc7+ Nxc7
37.Bd3 Kd7 38.Bb1 f6 39.Bd3 Kc6 40.Nb1 Bb3 41.Nc3 g6 42.g4 Be6 43.f3 Kb6
44.Kd2 Bd7 45.Ke3 Bc6 46.Bb1 Ne6 47.Ne2 g5 48.Ng3 Ng7 49.Ba2 Be8 50.Bb3 Kc7
51.Kd2 Kb6 52.Kc3 Kc7 53.Nf1 h5 54.Ne3 Bc6 55.Nd5+ Bxd5 56.Bxd5 hxg4 57.fxg4 Kd7
58.Bf7 Ne6 59.Kd2 Nf4 60.g3 Ne6  1/2-1/2

[Event "Indonesia Open"]
[Site "Jakarta INA"]
[Date "2011.10.16"]
[Round "4.7"]
[White "Liu Dede"]
[Black "Dreev,A"]
[Result "0-1"]
[WhiteElo "2402"]
[BlackElo "2711"]

1.e4 c5 2.Nf3 Nc6 3.Bb5 d6 4.O-O Bd7 5.c3 Nf6 6.Re1 a6 7.Bf1 Bg4 8.d3 e6
9.h3 Bh5 10.Bf4 Be7 11.Nbd2 O-O 12.a3 d5 13.Qc2 Rc8 14.g4 Bg6 15.Bg3 Nd7
16.Rad1 b5 17.Qc1 d4 18.e5 dxc3 19.bxc3 Qa5 20.h4 h5 21.gxh5 Bxh5 22.Re4 c4
23.dxc4 Bxa3 24.Qa1 b4 25.cxb4 Bxb4 26.Qxa5 Bxa5 27.Re3 Nd4 28.Rd3 Nxf3+
29.Nxf3 Nc5 30.Re3 Bb4 31.Ra1 Rfd8 32.Ng5 Bg6 33.Be2 a5 34.h5 Bf5 35.Bh4 a4
36.Rg3 Rd4 37.Nf3 Rg4 38.Be7 Nb3 39.Bxb4 Nxa1 40.Nd2 Rxg3+ 41.fxg3 Nc2 42.Bc3 a3
43.g4 Bh7 44.Bd1 a2 45.Bxc2 Bxc2 46.Kf2 Bd3  0-1

[Event "Indonesia Open"]
[Site "Jakarta INA"]
[Date "2011.10.17"]
[Round "7.7"]
[White "Dreev,A"]
[Black "Torre,E"]
[Result "1-0"]
[WhiteElo "2711"]
[BlackElo "2520"]

1.d4 d5 2.c4 c6 3.Nc3 Nf6 4.e3 g6 5.Nf3 Bg7 6.Bd3 O-O 7.O-O Bg4 8.h3 Bxf3
9.Qxf3 e6 10.Rd1 Nbd7 11.b3 Re8 12.Bb2 Qa5 13.a3 Rad8 14.Rac1 Rc8 15.Bf1 Qc7
16.g3 Qb8 17.Rc2 a6 18.Bg2 Nb6 19.Qe2 Rcd8 20.Rcc1 Nc8 21.Qc2 Nd6 22.Ne2 Nd7
23.Nf4 Nf5 24.Nd3 Bh6 25.Qe2 Bg7 26.Qc2 Bh6 27.Re1 Bg7 28.a4 Rc8 29.Red1 Rcd8
30.Ba3 Rc8 31.Qa2 Bh6 32.Re1 Bg7 33.Bb4 Bf8 34.Bc3 Bg7 35.Red1 Rcd8 36.Ba5 Rc8
37.Be1 Rcd8 38.Rb1 Qa7 39.Rdc1 Nd6 40.Qc2 Rc8 41.Qe2 Nf5 42.Qc2 Rcd8 43.Nf4 Bh6
44.Ne2 Bg7 45.Bh1 Nd6 46.c5 Nc8 47.Ba5 b6 48.cxb6 Ncxb6 49.Qxc6 Rc8 50.Qd6 Bf8
51.Qf4 Ba3 52.Rxc8 Rxc8 53.e4 Rc2 54.Qe3 Nf6 55.e5 Nfd7 56.Qd3 Rc8 57.Bd2 Bf8
58.Rc1 Rxc1+ 59.Nxc1 Nb8 60.Bf3 Nc8 61.Be2 Ne7 62.Bc3 Nec6 63.Na2 Qb6 64.Qd1 h5
65.Kg2 Be7 66.Nc1 Nb4 67.Qd2 N8c6 68.Bd1 Bf8 69.Ne2 Kh7 70.g4 hxg4 71.hxg4 Bh6
72.f4 Bf8 73.Ng1 Na5 74.Nf3 Nbc6 75.f5 Bh6 76.Qc2 Ne7 77.Bxa5 Qxa5 78.f6 Nf5
79.gxf5 gxf5 80.Kf1 Qb6 81.Qh2  1-0

[Event "Indonesia Open"]
[Site "Jakarta INA"]
[Date "2011.10.18"]
[Round "8.4"]
[White "Ahmadinia,E"]
[Black "Dreev,A"]
[Result "0-1"]
[WhiteElo "2430"]
[BlackElo "2711"]

1.e4 c6 2.d4 d5 3.e5 Bf5 4.c4 e6 5.Nc3 Ne7 6.Nge2 Nd7 7.Ng3 Bg6 8.a3 dxc4
9.Bxc4 Nb6 10.Bb3 Qd7 11.O-O Rd8 12.Be3 Ned5 13.h4 h5 14.Bg5 Be7 15.Nce4 Bxg5
16.Nxg5 Nc7 17.Ne2 Nb5 18.Nf4 Bf5 19.Nxh5 Kf8 20.Ng3 Nxd4 21.Nxf5 Nxf5 22.g3 Qxd1
23.Rfxd1 Ke7 24.Nf3 Nd7 25.Bc2 Nh6 26.Re1 Nb6 27.b4 Nc4 28.Re2 Rd7 29.Kf1 Rhd8
30.Rae1 Ng4 31.a4 Rd5 32.Bb3 Rd3 33.Bxc4 Rxf3 34.Rc1 Rd4 35.a5 a6 36.Kg1 Ra3
37.Kg2 Ra4 38.f3 Nh6 39.Rb2 Nf5 40.Kf2 Ra3 41.Be2 Ne3 42.h5 Kf8 43.b5 axb5
44.a6 bxa6 45.Rxc6 Rd8 46.g4 Nd5 47.Bf1 Ke7 48.Rbc2 Rb8 49.Rc8 Rxc8 50.Rxc8 f6
51.exf6+ Kxf6 52.Rf8+ Ke7 53.Ra8 b4 54.g5 Ra2+ 55.Kg3 Ra1 56.Ra7+ Kf8 57.Kf2 Ra2+
58.Kg1 Nf4 59.h6 gxh6 60.gxh6 Kg8 61.Bc4 Rc2 62.Rc7 Kh8 63.Rc8+ Kh7 64.Bd3+ Nxd3
65.Rxc2 b3 66.Rc7+ Kxh6 67.Kf1 b2 68.Rb7 a5 69.Rb3 a4 70.Rb6 a3  0-1

[Event "TCh-SUI 2011"]
[Site "Lausanne SUI"]
[Date "2011.10.22"]
[Round "8.3"]
[White "Dreev,A"]
[Black "Drabke,L"]
[Result "1-0"]
[WhiteElo "2694"]
[BlackElo "2454"]

1.d4 d5 2.c4 c6 3.Nf3 Nf6 4.e3 Bg4 5.Nc3 e6 6.Qb3 Qb6 7.Nh4 Nbd7 8.h3 Bh5
9.g4 Bg6 10.Nxg6 hxg6 11.Bg2 g5 12.Bd2 Be7 13.O-O-O g6 14.f3 dxc4 15.Qxc4 Nd5
16.Kb1 O-O-O 17.f4 Nxc3+ 18.Bxc3 Qc7 19.fxg5 Bxg5 20.e4 Rh7 21.Rd3 b5 22.Qb4 Ne5
23.Rdd1 Nc4 24.d5 Ne3 25.d6 Qd7 26.Qc5 Bf4 27.Bf6 Nxg2 28.Bxd8 Kxd8 29.Qf2 Ne3
30.Qxf4 Nxd1 31.Rxd1 Rxh3 32.e5 Kc8 33.a4 a6 34.Qd4 Kb7 35.a5 Qd8 36.Rf1 Rh7
37.Qc3 g5 38.Rc1 Qd7 39.Qe3 Qd8 40.Qe4  1-0

[Event "Final Russian Rapid GP"]
[Site "Apatity RUS"]
[Date "2011.12.02"]
[Round "1.2"]
[White "Dreev,A"]
[Black "Savchenko,B"]
[Result "1/2-1/2"]
[WhiteElo "2710"]
[BlackElo "2609"]

1.d4 Nf6 2.c4 e6 3.Nc3 d5 4.cxd5 exd5 5.Bg5 Be7 6.e3 O-O 7.Bd3 Nbd7 8.Nf3 Re8
9.Qc2 Nf8 10.h3 h6 11.Bh4 c6 12.O-O-O a5 13.Kb1 Be6 14.g4 b5 15.Rhg1 Ne4
16.Bxe7 Qxe7 17.Nxe4 dxe4 18.Bxe4 Bxa2+ 19.Kxa2 Qxe4 20.Qxe4 Rxe4 21.Rc1 Rc8
22.Ne5 c5 23.Rge1 Ng6 24.Nxg6 fxg6 25.dxc5 Rc4 26.Rxc4 bxc4 27.Kb1 Kf7 28.Kc2 Ke6
29.Rd1 Rxc5 30.Rd4 g5 31.Kc3 Rc7 32.Rxc4 Rf7 33.f4 gxf4 34.exf4 g5 35.f5+ Ke5
36.Ra4 Rc7+ 37.Kd3 Rc5 38.Re4+ Kf6 39.Re6+ Kg7 40.Rg6+ Kh7 41.Ra6 Rb5 42.Kc3 Rc5+
43.Kd3 Rb5 44.Kc2 Rc5+ 45.Kb1 Rd5 46.Rc6 Rd4 47.Ka2 h5 48.gxh5 Rf4 49.Rf6 Rf3
50.Rg6 Rxf5 51.Ka3 Rf3+ 52.Ka4 Rf2 53.Ka3 Rf3+ 54.b3 Rf5 55.Ka4 Re5 56.Ka3 Rf5
57.Ka4 Re5 58.Ra6 Re3 59.Rxa5 Kh6 60.b4 Rxh3 61.b5 Rh4+ 62.Kb3 Rf4 63.b6 Rf8
64.Kc4 Kxh5 65.b7 Rb8 66.Rb5 Kh4  1/2-1/2

[Event "Final Russian Rapid GP"]
[Site "Apatity RUS"]
[Date "2011.12.02"]
[Round "1.1"]
[White "Savchenko,B"]
[Black "Dreev,A"]
[Result "1/2-1/2"]
[WhiteElo "2609"]
[BlackElo "2710"]

1.e4 c6 2.d4 d5 3.Nc3 dxe4 4.Nxe4 Bf5 5.Nc5 e5 6.Nxb7 Qb6 7.Nc5 exd4 8.Nb3 Bb4+
9.Bd2 Nf6 10.Qe2+ Be6 11.Nf3 Bxd2+ 12.Qxd2 c5 13.Ng5 O-O 14.Nxe6 Qxe6+ 15.Be2 Re8
16.Nxc5 Qe7 17.Nd3 Nc6 18.Kf1 Ne4 19.Qd1 Rab8 20.Bf3 Nb4 21.h4 Rb6 22.a3 Nxd3
23.cxd3 Nc5 24.b4 Nd7 25.Qa4 Rf6 26.Qxa7 Qd6 27.Rh3 g6 28.Rc1 Ne5 29.Be2 Rf4
30.g3 Rf5 31.Qb7 Qe6 32.Kg2 Qf6 33.f4 Nc4 34.Bf3 Ne3+ 35.Kf2 Qe6 36.Kg1 Rc5
37.bxc5 Qxh3 38.Bg2 Qxg3 39.Qf3 Qxh4 40.Bh3 Nd5 41.Qg4 Qe7 42.Kh1 Qe3 43.Rf1 Qxd3
44.c6 Ne3 45.Qd7 Rf8 46.Rg1 Qe4+ 47.Kh2 Qxf4+ 48.Kh1 Qe4+ 49.Kh2 Qc2+ 50.Kg3 Qc3
51.Kh2 d3 52.c7 d2 53.c8=Q Rxc8 54.Qxc8+ Qxc8 55.Bxc8 d1=Q 56.Rxd1 Nxd1 57.a4 Nc3
58.a5 Nb5 59.Kg3 Kf8 60.Kf4 f6 61.Bd7 Na7 62.Ke4 Ke7 63.Ba4 Kd6 64.Bb3 Nc8
65.Bg8 h5 66.Bc4 Ne7 67.a6 Kc7 68.Bd3 Kb6 69.Kd4 Nc6+ 70.Ke3 Ne5 71.Be2 Nc6
72.Bd3 Ne7 73.Ke4 g5 74.Be2 h4 75.Bf1 Ka7 76.Bd3 h3 77.Kf3 f5 78.Kg3 g4 79.Kh2 f4
80.Be2 f3 81.Bd3 Nc6 82.Kg3 Kb6 83.Bf5 Ne5 84.Bxg4 h2 85.Bxf3 Nxf3 86.Kg2 Kxa6
87.Kh1  1/2-1/2

[Event "Final Russian Rapid GP"]
[Site "Apatity RUS"]
[Date "2011.12.02"]
[Round "1.3"]
[White "Dreev,A"]
[Black "Savchenko,B"]
[Result "1-0"]
[WhiteElo "2710"]
[BlackElo "2609"]

1.d4 Nf6 2.c4 e6 3.Nc3 d5 4.cxd5 exd5 5.Bg5 Be7 6.e3 O-O 7.Bd3 Nbd7 8.Nf3 Re8
9.Qc2 c6 10.h3 Nf8 11.Bf4 Ng6 12.Bh2 Bd6 13.Bxd6 Qxd6 14.O-O-O b5 15.Kb1 a5
16.g4 Bd7 17.g5 b4 18.gxf6 bxc3 19.fxg7 cxb2 20.Rhg1 Bxh3 21.Ng5 Bd7 22.Rh1 Qf6
23.Nxh7 Qxg7 24.Rdg1 Re6 25.f4 Rae8 26.f5 Rxe3 27.fxg6 f5 28.Bxf5 Re2 29.Bxd7 Rxc2
30.Bxe8 Rc1+ 31.Rxc1 bxc1=R+ 32.Rxc1 Qxd4 33.Rxc6 Qe4+ 34.Kb2 Qe5+ 35.Kb3 Kg7
36.Nf6 Qb8+ 37.Kc2 Qh2+ 38.Kd3 Qe5 39.Bf7 Qf5+ 40.Kd4 Qf4+ 41.Kxd5 Qf5+ 42.Kc4 Qf4+
43.Kb5 Qb8+ 44.Kc5 Qa7+ 45.Kd5 Qa8 46.Ne8+ Kf8 47.Nd6 Kg7 48.Nf5+ Kf8 49.Be6 Qd8+
50.Ke5 Qb8+ 51.Rd6 Qb2+ 52.Kd5 Qb5+ 53.Ke4 Qe2+ 54.Kf4 Qh2+ 55.Ke3 Qe5+ 56.Kf3 Qf6
57.Ke4  1-0

[Event "Final Russian Rapid GP"]
[Site "Apatity RUS"]
[Date "2011.12.02"]
[Round "2.1"]
[White "Dreev,A"]
[Black "Jakovenko,D"]
[Result "1/2-1/2"]
[WhiteElo "2710"]
[BlackElo "2729"]

1.d4 d5 2.c4 e6 3.Nc3 Be7 4.cxd5 exd5 5.Bf4 c6 6.Qc2 Bd6 7.Bg3 Ne7 8.e3 Bf5
9.Bd3 Bxd3 10.Qxd3 O-O 11.Nf3 Re8 12.Ng5 g6 13.Bxd6 Qxd6 14.h4 Qf6 15.O-O-O Na6
16.Rh3 Qf5 17.e4 dxe4 18.Ncxe4 Nd5 19.Rf3 Qg4 20.Nf6+ Nxf6 21.Rxf6 Qxh4 22.f4 Re7
23.g3 Qh2 24.Rxf7 Rxf7 25.Nxf7 Kxf7 26.Qb3+ Kf8 27.Qa3+ Kg8 28.Qb3+ Kh8 29.Qf7 Qe2
30.a3 Re8 31.Qxb7 c5 32.Qxa7 Qc4+ 33.Kb1 Re2 34.Ka1 Qb5 35.Rb1 c4 36.d5 Nc5
37.Qf7 Qe8 38.Qc7 Nb3+ 39.Ka2 Nd2 40.Rh1 Re7 41.Qc5 Ne4 42.Qd4+ Kg8 43.d6 Nxd6
44.Qxd6 c3 45.Qd5+ Kf8 46.Rd1 cxb2 47.Qd8 Re2 48.Qxe8+ Kxe8 49.Rd3 h5 50.a4 Re4
51.Ra3 Rb4 52.Kb1 Kd7 53.a5 Kc7 54.Ra2 g5 55.fxg5 Rg4 56.Ra3 Rxg5 57.Kxb2 Kb7
58.Kc2 Rg4 59.Kd2  1/2-1/2

[Event "Final Russian Rapid GP"]
[Site "Apatity RUS"]
[Date "2011.12.02"]
[Round "2.3"]
[White "Dreev,A"]
[Black "Jakovenko,D"]
[Result "1-0"]
[WhiteElo "2710"]
[BlackElo "2729"]

1.d4 d5 2.c4 c6 3.Nf3 Nf6 4.e3 a6 5.Bd3 Bg4 6.Nbd2 Nbd7 7.Qc2 dxc4 8.Nxc4 Bxf3
9.gxf3 e6 10.Bd2 c5 11.dxc5 Bxc5 12.Rg1 b5 13.Ba5 Qe7 14.Nd2 O-O 15.Ke2 Rac8
16.Rac1 Rb8 17.Ne4 Nxe4 18.Bxe4 g6 19.h4 f5 20.Bc6 Rbc8 21.Bxd7 Qxd7 22.Qb3 b4
23.h5 Kf7 24.hxg6+ hxg6 25.Rh1 Qb5+ 26.Qc4 Be7 27.Rh7+ Kf6 28.Qxb5 axb5 29.Rd1 Rc2+
30.Kf1 Rxb2 31.Bc7 g5 32.Rh6+ Kf7 33.Be5 Rxa2 34.Rd7 Ke8 35.Rb7 Ra8 36.Rxe6 Rf7
37.Bd6 b3 38.Rexe7+ Rxe7 39.Rxe7+ Kd8 40.Rf7 b2 41.Rf8+ Kd7 42.Kg2  1-0